Statistics for Meme Song Artists #2

Click here to take the quiz!

General Stats

  • This quiz has been taken 13 times
  • The average score is 4 of 20

Answer Stats

SongArtist / Band% Correct
Gangnam StylePSY
92%
Take on Mea-ha
58%
RasputinBoney M
50%
OOF DeathRoblox
42%
Let It GoFrozen
33%
We Are Number OneLazyTown
33%
PPAPPiko-Taro
17%
Baby SharkPinkfong
17%
ScatmanScatman John
17%
PortalsAlan Silvestri
8%
Spooky Scary SkeletonsAndrew Gold
8%
Nyan CatdaniwellP
8%
Theory of Everything 2dj-Nate x F-777
8%
Everybody FallsFall Guys
8%
Numa Numa DanceGary Brolsma
8%
PopcornHot Butter
8%
Rush ESheet Music Boss
8%
Peanut Butter Jelly TimeBuckwheat Boyz
0%
Tunak Tunak TunDaler Mehndi
0%
TrololoEdward Khil
0%

Score Distribution

Percentile by Number Answered

Percent of People with Each Score

Your Score History

You have not taken this quiz